Online katalóg knižníc regiónu Turca

Zázraky v prírode (Record no. 22700)

MARC details
000 -LEADER
fixed length control field 01329nam a22004215a 4500
001 - CONTROL NUMBER
control field 22700
003 - CONTROL NUMBER IDENTIFIER
control field SK-KTurca
005 - DATE AND TIME OF LATEST TRANSACTION
control field 20260420164740.0
008 - FIXED-LENGTH DATA ELEMENTS--GENERAL INFORMATION
fixed length control field 180216s2004 xo a b 001 0 slo
015 ## - NATIONAL BIBLIOGRAPHY NUMBER
National bibliography number SNBA2006/01-00302
020 ## - INTERNATIONAL STANDARD BOOK NUMBER
International Standard Book Number 8089147488
Qualifying information (viaz.)
035 ## - SYSTEM CONTROL NUMBER
System control number D3A141A7-1F7F-4454-A5B0-B4C85DB2ADD6
035 ## - SYSTEM CONTROL NUMBER
System control number urn:nbn:sk:snk-amygof
035 ## - SYSTEM CONTROL NUMBER
System control number urn:nbn:sk:snk-am00ciae
040 ## - CATALOGING SOURCE
Original cataloging agency SNK
Language of cataloging slo
Transcribing agency SNK
041 1# - LANGUAGE CODE
Language code of text/sound track or separate title slo
Language code of original eng
044 ## - COUNTRY OF PUBLISHING/PRODUCING ENTITY CODE
MARC country code xo
ISO country code SK
072 #7 - SUBJECT CATEGORY CODE
Subject category code 59
Subject category code subdivision Zoológia
Source konspekt
072 #7 - SUBJECT CATEGORY CODE
Subject category code 821-93
Subject category code subdivision Literatúra pre deti a mládež
Source konspekt
080 ## - UNIVERSAL DECIMAL CLASSIFICATION NUMBER
Universal Decimal Classification number 591.5
Edition identifier MDT-MRF
080 ## - UNIVERSAL DECIMAL CLASSIFICATION NUMBER
Universal Decimal Classification number (0.053.2)
Edition identifier MDT-MRF
080 ## - UNIVERSAL DECIMAL CLASSIFICATION NUMBER
Universal Decimal Classification number (084.11)
Edition identifier MDT-MRF
080 ## - UNIVERSAL DECIMAL CLASSIFICATION NUMBER
Universal Decimal Classification number 592/599
Edition identifier MDT-MRF
245 00 - TITLE STATEMENT
Title Zázraky v prírode
Number of part/section of a work 1. časť
Name of part/section of a work Zázraky z morského života
Statement of responsibility, etc. [preklad: Eva Birčáková, Mária Jakubičková]
246 30 - VARYING FORM OF TITLE
Title proper/short title Zázraky z morského života
250 ## - EDITION STATEMENT
Edition statement 1. vyd.
260 ## - PUBLICATION, DISTRIBUTION, ETC.
Place of publication, distribution, etc. Bratislava
Name of publisher, distributor, etc. Matys
Date of publication, distribution, etc. 2004
300 ## - PHYSICAL DESCRIPTION
Extent 194 s.
Dimensions fareb. ilustr.
-- 27 cm
500 ## - GENERAL NOTE
General note Reg. Fareb. ilustr. na tit. strane
500 ## - GENERAL NOTE
General note Názov z obalu
650 07 - SUBJECT ADDED ENTRY--TOPICAL TERM
Topical term or geographic name entry element živočíchy
Source of heading or term SNKPH
650 07 - SUBJECT ADDED ENTRY--TOPICAL TERM
Topical term or geographic name entry element etológia
Source of heading or term SNKPH
655 #7 - INDEX TERM--GENRE/FORM
Genre/form data or focus term obrazové publikácie
Source of term SNKPH
655 #7 - INDEX TERM--GENRE/FORM
Genre/form data or focus term publikácie pre deti
Source of term SNKPH
700 1# - ADDED ENTRY--PERSONAL NAME
Personal name Birčáková, Eva
Relationship trl
700 1# - ADDED ENTRY--PERSONAL NAME
Personal name Jakubičková, Mária
Relationship trl
942 ## - ADDED ENTRY ELEMENTS (KOHA)
Source of classification or shelving scheme Dewey Decimal Classification
Koha item type Odborná literatúra pre deti
Suppress in OPAC No
Holdings
Stav vyradenia Strata Poškodenie Spôsob nadobudnutia Domovská knižnica Aktuálna knižnica Dátum nadobudnutia Total checkouts Čiarový kód exemplára Date last seen Typ exemplára
      Dar Mestská knižnica Turany Mestská knižnica Turany 20.04.2026   4712401334 20.04.2026 Odborná literatúra pre deti
Projekt je podporený Slovenskou asociáciou knižníc
Prevádzkuje Turčianska knižnica Martin 2026